000 00563nam a22001697a 4500
005 20250428105705.0
008 230802b ||||| |||| 00| 0 eng d
040 _cSSBUL
082 _223
_a020
110 _aLovely Professional University (Phagwara)
_928742
245 1 0 _aFoundations of library and information science :
_bDLIS 001 /
_cEdited by Reena Kapoor
260 _aNew Delhi :
_bLovely Professional University,
_c[20--]
300 _a294 pages ;
_c26 cm.
650 _aLibrary science
_910956
700 1 _aKapoor, Reena.
_eeditor
_928743
942 _2ddc
_cBK
999 _c27800
_d27800